00497cam a22001454a 4500008004100000020001500041020001800056040002800074245006100102260006300163300002500226650003000251650004600281700002400327100320s2007 nyu s000 0 eng d a0536140251 a9780536140258 aEG-GiCUCbengcEG-GiCUC00aReading women's lives /cCompiled by Kelliann S. Flores. a[Brentwood, NY :bSuffolk County Community College,c2007] aviii, 306 p.c21 cm. 0awomenxBooks and reading. 0aWomenxCrimes againstxBooks and reading.1 aFlores, Kelliann S.